[Event "Olimpiade 2024 - Donne"]
[Site "Budapest"]
[Date "12.09.2024"]
[Round "2.7"]
[Board "2"]
[White "Beydullayeva, Govhar"]
[Black "Zhang, Jilin"]
[Result "1/2-1/2"]
[WhiteTitle "WGM"]
[BlackTitle "WGM"]
[WhiteElo "2395"]
[BlackElo "2155"]
[WhiteTeam "Azerbaijan"]
[BlackTeam "Australia"]
[WhiteFideId "13413015"]
[BlackFideId "8602867"]
[EventDate "2024.09.11"]

1. d4 d5 2. c4 dxc4 3. Nf3 Nf6 4. e3 e6 5. Bxc4 c5 6. O-O a6 7. Re1 Nbd7 8. e4
b5 9. Bd3 Bb7 10. d5 e5 11. b3 Qc7 12. Nbd2 Rb8 13. a4 Bc8 14. Qe2 Qb6 15. Nb1
Bd6 16. axb5 axb5 17. Nc3 b4 18. Nb5 O-O 19. Qa2 Ne8 20. Nxd6 Nxd6 21. Qa5 Qxa5
22. Rxa5 Bb7 23. Bb2 f6 24. Nd2 Ra8 25. Rea1 Rxa5 26. Rxa5 Ra8 27. Rxa8+ Bxa8
28. h4 Kf7 29. g3 Ke7 30. f4 Bb7 31. Kf2 Nf7 32. Nc4 exf4 33. gxf4 Ba6 34. Ke3
Bxc4 35. Bxc4 Kd6 36. Bf1 Nb6 37. Kd3 Nh6 38. Bh3 Nf7 39. Be6 Nd8 40. Bg8 h6 41.
e5+ Ke7 42. d6+ Kd7 43. Bh7 fxe5 44. fxe5 g5 45. Bf5+ Kc6 46. Be4+ Kd7 47. h5
Ke6 48. Bh7 g4 49. Ke4 g3 50. Bf5+ Kf7 51. Kf3 Ne6 52. Bg6+ Kg7 53. Bf5 Kf7 54.
Bg6+ Kg7 55. Bf5 1/2-1/2

[Event "Olimpiade 2024 - Donne"]
[Site "Budapest"]
[Date "12.09.2024"]
[Round "2.7"]
[Board "3"]
[White "Nguyen, Thu Giang"]
[Black "Balajayeva, Khanim"]
[Result "0-1"]
[WhiteTitle "WFM"]
[BlackTitle "IM"]
[WhiteElo "2068"]
[BlackElo "2384"]
[WhiteTeam "Australia"]
[BlackTeam "Azerbaijan"]
[WhiteFideId "12400980"]
[BlackFideId "13406396"]
[EventDate "2024.09.11"]

1. e4 e5 2. Nf3 Nc6 3. Nc3 Nf6 4. d4 exd4 5. Nxd4 Bb4 6. Nxc6 bxc6 7. Bd3 d5 8.
exd5 O-O 9. O-O cxd5 10. h3 c6 11. Qf3 Bd6 12. Re1 Rb8 13. b3 Be6 14. Bf4 Bxf4
15. Qxf4 c5 16. Rad1 Qa5 17. Re3 Rb4 18. Qe5 Nd7 19. Qh5 Nf6 20. Qe5 Nd7 21. Qh5
g6 22. Qh6 Qd8 23. Rg3 Qf6 24. Ne2 Rh4 25. Qe3 Qe5 26. Qxe5 Nxe5 27. f4 Nxd3 28.
Rdxd3 Rh5 29. Rge3 d4 30. g4 Rd5 31. Rg3 Bc8 32. Nc3 Rd6 33. Ne4 Rc6 34. Nf2 Re8
35. Rd2 Re1+ 36. Kh2 Rce6 37. Nd3 Ra1 38. Rg1 Rxa2 39. Nxc5 Rc6 40. Ne4 Rcxc2
41. Rxc2 Rxc2+ 42. Kg3 Bb7 43. Nd6 Bc6 44. Ra1 Rc3+ 45. Kf2 Rxb3 46. Rxa7 Rf3+
47. Ke2 Rxf4 48. Rc7 Bg2 49. g5 Bxh3 50. Kd3 Kf8 51. Ra7 Be6 52. Rc7 Rg4 53. Rc5
Ke7 54. Nb5 Bf5+ 55. Kd2 d3 56. Rc7+ Ke6 57. Rc6+ Kd5 58. Rf6 Rg2+ 59. Ke3 Re2+
60. Kf3 Re7 61. Nc3+ Kd4 62. Nd1 Re1 63. Nf2 Be6 64. Rf4+ Ke5 0-1

[Event "Olimpiade 2024 - Donne"]
[Site "Budapest"]
[Date "12.09.2024"]
[Round "2.7"]
[Board "4"]
[White "Mammadova, Gulnar"]
[Black "Shen, Zhiyuan"]
[Result "1/2-1/2"]
[WhiteTitle "IM"]
[WhiteElo "2336"]
[BlackElo "1969"]
[WhiteTeam "Azerbaijan"]
[BlackTeam "Australia"]
[WhiteFideId "13403508"]
[BlackFideId "8608482"]
[EventDate "2024.09.11"]

1. e4 c5 2. Nf3 Nc6 3. Bb5 g6 4. O-O Bg7 5. d3 d6 6. Bxc6+ bxc6 7. e5 Bg4 8.
exd6 exd6 9. Nbd2 Ne7 10. h3 Bxf3 11. Nxf3 O-O 12. c3 Nd5 13. Bd2 Rb8 14. Qc2
Qd7 15. Rfe1 Rfe8 16. Rxe8+ Rxe8 17. Re1 Rxe1+ 18. Nxe1 Qe6 19. Kf1 Nb6 20. c4
d5 21. Be3 dxc4 22. Bxc5 Qd5 23. Bxb6 cxd3 24. Qxd3 Qxd3+ 25. Nxd3 axb6 26. Nb4
Bxb2 27. Nxc6 Kf8 28. Ke2 Ke8 29. Kd3 Kd7 30. Na7 Ba3 31. Kc4 Bc5 32. f3 Kd6 33.
a4 h5 34. Kb5 f6 35. Nc8+ Kc7 36. Na7 Kd6 37. Ka6 Kc7 38. Kb5 Kd6 39. Kc4 Bf2
40. Nc8+ Kd7 41. Na7 Kd6 42. Nb5+ Ke5 43. Kd3 Kf4 44. Ke2 Bc5 45. Nc3 Bd4 1/2-1/2

[Event "Olimpiade 2024 - Donne"]
[Site "Budapest"]
[Date "12.09.2024"]
[Round "2.8"]
[Board "1"]
[White "Tokhirjonova, Gulrukhbegim"]
[Black "Mendoza, Shania Mae"]
[Result "1/2-1/2"]
[WhiteTitle "IM"]
[BlackTitle "WFM"]
[WhiteElo "2380"]
[BlackElo "2013"]
[WhiteTeam "United States of America"]
[BlackTeam "Philippines"]
[WhiteFideId "14203626"]
[BlackFideId "5211158"]
[EventDate "2024.09.11"]

1. e4 d5 2. exd5 Qxd5 3. Nc3 Qa5 4. d4 c6 5. Bc4 Nf6 6. Ne2 g6 7. O-O Bg7 8. Nf4
O-O 9. Re1 Re8 10. Nd3 Bg4 11. Qd2 Nbd7 12. Ne5 Nxe5 13. dxe5 Nd5 14. Bxd5 cxd5
15. Qxd5 Qa6 16. Qb5 Qxb5 17. Nxb5 Red8 18. h3 Bd7 19. Na3 Rac8 20. c3 Bf5 21.
Be3 Bxe5 22. Bxa7 Bf6 23. Be3 Rd5 24. Red1 Rxd1+ 25. Rxd1 Be6 26. Nb5 Bxa2 27.
Rd7 Rb8 28. Ba7 Be6 29. Rc7 Rd8 30. Bd4 Rd7 31. Bxf6 Rxc7 32. Nxc7 exf6 33. Ne8
f5 34. Nd6 b6 35. f4 Kf8 36. Kf2 Ke7 37. Nb5 h6 38. h4 f6 39. Ke3 g5 40. g3 Bd7
41. Na3 Kf7 42. hxg5 fxg5 43. Nc4 b5 44. Ne5+ Ke6 45. b3 Be8 46. Kd4 Bh5 47. c4
bxc4 48. Kxc4 Be2+ 49. Kd4 Kf6 50. b4 gxf4 51. gxf4 h5 52. Ke3 Bg4 53. Kf2 Ke6
54. b5 Kd6 55. b6 Bd1 56. Kg3 Bc2 57. Nf3 Be4 58. Nd4 Kc5 59. Nxf5 Kxb6 60. Ng7
Kc5 61. Nxh5 Kd6 62. Nf6 Bb1 63. Kf3 Ke6 64. Ne4 Bxe4+ 65. Kxe4 Kf6 66. f5 Kf7
67. Ke5 Ke7 68. f6+ Kf7 69. Kf5 Kf8 70. Kg4 Kf7 71. Kg5 Kf8 72. Kg6 Kg8 73. f7+
Kf8 74. Kf6 1/2-1/2

[Event "Olimpiade 2024 - Donne"]
[Site "Budapest"]
[Date "12.09.2024"]
[Round "2.8"]
[Board "2"]
[White "Frayna, Janelle Mae"]
[Black "Yip, Carissa"]
[Result "0-1"]
[WhiteTitle "WGM"]
[BlackTitle "IM"]
[WhiteElo "2216"]
[BlackElo "2386"]
[WhiteTeam "Philippines"]
[BlackTeam "United States of America"]
[WhiteFideId "5212499"]
[BlackFideId "2090732"]
[EventDate "2024.09.11"]

1. c4 g6 2. d4 Bg7 3. Nf3 d6 4. Nc3 Nf6 5. e4 O-O 6. Be2 Nbd7 7. O-O e5 8. Re1
Re8 9. Bf1 exd4 10. Nxd4 a6 11. f3 c6 12. Nb3 Qc7 13. Be3 Ne5 14. Rc1 Be6 15.
Nd5 Bxd5 16. cxd5 c5 17. a4 Rab8 18. a5 Qd8 19. Rc2 h6 20. Qa1 Nh5 21. Nd2 Kh8
22. Qa4 b5 23. axb6 Rxb6 24. Bxa6 Rb4 25. Qa2 f5 26. Bf1 f4 27. Bf2 g5 28. Nc4
Rg8 29. Qa6 Nxc4 30. Bxc4 Rb6 31. Qa3 Be5 32. Rb1 Rb4 33. Be1 Bd4+ 34. Kf1 g4
35. Bxb4 cxb4 36. Qd3 Qf6 37. Rd1 Be3 38. e5 Qh4 39. Re1 Qxh2 40. Rxe3 Qh1+ 41.
Ke2 fxe3 42. Qxe3 gxf3+ 43. gxf3 Qh2+ 44. Kd3 Nf4+ 45. Kd4 Qxc2 46. Qxf4 Qxb2+
47. Ke4 Qxe5+ 48. Qxe5+ dxe5 49. Kxe5 Rb8 50. Bb3 Kg7 51. d6 Kf8 52. f4 h5 53.
f5 h4 54. Kf4 Rd8 55. Ke4 0-1

[Event "Olimpiade 2024 - Donne"]
[Site "Budapest"]
[Date "12.09.2024"]
[Round "2.8"]
[Board "3"]
[White "Lee, Alice"]
[Black "Fronda, Jan Jodilyn"]
[Result "1-0"]
[WhiteTitle "IM"]
[BlackTitle "WIM"]
[WhiteElo "2384"]
[BlackElo "2165"]
[WhiteTeam "United States of America"]
[BlackTeam "Philippines"]
[WhiteFideId "30941822"]
[BlackFideId "5204585"]
[EventDate "2024.09.11"]

1. d4 Nf6 2. c4 c5 3. d5 b5 4. Nd2 Qa5 5. Qc2 bxc4 6. e4 d6 7. Bxc4 g6 8. Ne2
Bg7 9. O-O O-O 10. b3 Qc7 11. Bb2 a5 12. h3 Ba6 13. f4 Qb7 14. Rab1 Nbd7 15. Bc3
Qc7 16. Qd3 Bb7 17. a4 Rfd8 18. g4 Nb6 19. Rf2 Qc8 20. Bb5 e6 21. Nc4 Qc7 22.
Nxb6 Qxb6 23. g5 exd5 24. gxf6 dxe4 25. Qg3 Bf8 26. f5 d5 27. fxg6 hxg6 28. Nf4
Qc7 29. Qg5 Kh7 30. Qh4+ Bh6 31. Ne6 fxe6 32. Bd2 Qf7 1-0

[Event "Olimpiade 2024 - Donne"]
[Site "Budapest"]
[Date "12.09.2024"]
[Round "2.9"]
[Board "1"]
[White "Goossens, Hanne"]
[Black "Paehtz, Elisabeth"]
[Result "0-1"]
[WhiteTitle "WIM"]
[BlackTitle "GM"]
[WhiteElo "2189"]
[BlackElo "2455"]
[WhiteTeam "Belgium"]
[BlackTeam "Germany"]
[WhiteFideId "200468"]
[BlackFideId "4641833"]
[EventDate "2024.09.11"]

1. e4 e5 2. Nf3 Nc6 3. Bc4 Nf6 4. d4 exd4 5. e5 d5 6. Bb5 Nd7 7. O-O Be7 8. Bxc6
bxc6 9. Nxd4 Nb8 10. Nc3 O-O 11. Qf3 a5 12. Re1 Ra6 13. Nf5 Bxf5 14. Qxf5 Rb6
15. b3 Qd7 16. Qd3 Rd8 17. Na4 Rb5 18. Bb2 Na6 19. Nc3 Rb6 20. Ne2 c5 21. Ng3
Nb4 22. Qd2 Qg4 23. f4 Rh6 24. Re2 Qh4 25. Nf1 d4 26. Re4 Nd5 27. g3 Qg4 28. Qe2
Qf5 29. Qg2 Rg6 30. Ree1 Nxf4 31. Qf3 Nh3+ 32. Kg2 Qxc2+ 33. Re2 Qxe2+ 34. Qxe2
Nf4+ 35. Kf2 Nxe2 36. Kxe2 Re6 37. Nd2 Rxe5+ 38. Kf2 Rf5+ 0-1

[Event "Olimpiade 2024 - Donne"]
[Site "Budapest"]
[Date "12.09.2024"]
[Round "2.10"]
[Board "3"]
[White "Matnadze Bujiashvili, Ann"]
[Black "Nandin-Erdene, Davaademberel"]
[Result "1-0"]
[WhiteTitle "IM"]
[WhiteElo "2338"]
[BlackElo "2039"]
[WhiteTeam "Spain"]
[BlackTeam "Hungary C"]
[WhiteFideId "13601377"]
[BlackFideId "12982016"]
[EventDate "2024.09.11"]

1. Nf3 d5 2. g3 Nf6 3. Bg2 c5 4. O-O Nc6 5. d4 cxd4 6. Nxd4 e5 7. Nxc6 bxc6 8.
c4 Be6 9. Qa4 Qd7 10. Nc3 Rc8 11. cxd5 cxd5 12. Qxd7+ Kxd7 13. Rd1 Bc5 14. Nxd5
Nxd5 15. Bxd5 Bxd5 16. Rxd5+ Ke6 17. Rd1 Rhd8 18. Bd2 Bb6 19. Bc3 Bd4 20. Rac1
Bxc3 21. Rxd8 Rxd8 22. Rxc3 Rd2 23. Rc6+ Kf5 24. Rc7 Kg6 25. Rxa7 Rxb2 26. Kf1
Rb1+ 27. Kg2 e4 28. g4 Rb2 29. e3 f6 30. Ra5 Rc2 31. h3 Rb2 32. Kg3 Re2 33. h4
Kh6 34. Ra6 Kg6 35. h5+ Kg5 36. Ra7 Kh6 37. a3 Ra2 38. Ra6 Kg5 39. Ra7 Kh6 40.
Ra4 g6 41. hxg6 hxg6 42. Rxe4 Rxa3 43. Re6 Kg7 44. Re7+ Kf8 45. Rb7 g5 46. Kf3
Ra2 47. Rc7 Rb2 48. Kg3 Rb3 49. Kg2 Ra3 50. Rd7 Ke8 51. Rh7 Ra2 52. Kg3 Ra3 53.
Kf3 Ra2 54. Rb7 Kf8 55. Kg3 Ra3 56. Kf3 Ra2 57. Rb3 Kf7 58. Kg3 Ra4 59. Rd3 Ra1
60. Kg2 Ra2 61. Kf3 Ke6 62. Kg3 Ra1 63. Rb3 Rg1+ 64. Kf3 Re1 65. Ke4 Re2 66. f3
Ra2 67. Rb6+ Kf7 68. Rc6 Ra4+ 69. Kd5 Ra3 70. Rc7+ Kg6 71. Kd4 Ra4+ 72. Rc4 Ra3
73. Ke4 Ra1 74. Rd4 Ra3 75. Rb4 Rc3 76. Rb7 Rc4+ 77. Kd5 Ra4 78. Re7 Ra5+ 79.
Kd6 Ra6+ 80. Kc5 Ra3 81. Re4 Ra5+ 82. Kd4 Ra3 83. Re6 Ra4+ 84. Kd3 Ra3+ 85. Ke2
Ra2+ 86. Ke1 Rb2 87. Rd6 Rh2 88. Rd7 Ra2 89. Rd2 Ra3 90. Kf2 Rb3 91. Rd7 Rb2+
92. Kg3 Rb3 93. Kf2 Rb2+ 94. Kf1 Ra2 95. Rd3 Ra4 96. Kf2 Ra2+ 97. Kg3 Ra1 98. f4
gxf4+ 99. exf4 Rg1+ 100. Kh3 Rf1 101. Rd4 Rh1+ 102. Kg2 Ra1 103. Rd7 Ra3 104.
Re7 Rb3 105. Kf2 Ra3 106. Re6 Rb3 107. g5 Kf5 108. Rxf6+ Kg4 109. Rf7 Rb6 110.
Ke3 Re6+ 111. Kd4 Rg6 112. Ke5 Kh5 1-0

[Event "Olimpiade 2024 - Donne"]
[Site "Budapest"]
[Date "12.09.2024"]
[Round "2.11"]
[Board "1"]
[White "Keinanen, Anastasia"]
[Black "Assaubayeva, Bibisara"]
[Result "1/2-1/2"]
[WhiteTitle "WIM"]
[BlackTitle "IM"]
[WhiteElo "2212"]
[BlackElo "2482"]
[WhiteTeam "Finland"]
[BlackTeam "Kazakhstan"]
[WhiteFideId "34101737"]
[BlackFideId "13708694"]
[EventDate "2024.09.11"]

1. e4 c5 2. Nf3 d6 3. d4 cxd4 4. Nxd4 Nf6 5. Nc3 a6 6. Nb3 Nbd7 7. g4 h6 8. a4
b6 9. Bg2 Bb7 10. Qe2 e6 11. f4 Rc8 12. h3 Rc7 13. O-O Qa8 14. Bd2 Be7 15. Rae1
Nh7 16. Nd4 O-O 17. f5 Bf6 18. Be3 e5 19. Nb3 Rxc3 20. bxc3 Bxe4 21. Bxe4 Qxe4
22. Qd3 Qc6 23. Rd1 Be7 24. c4 Nhf6 25. a5 bxa5 26. Nxa5 Qc7 27. Nb3 Rc8 28. Nd2
d5 29. cxd5 e4 30. d6 exd3 31. dxc7 dxc2 32. Rde1 Rxc7 33. Nb3 Rc3 34. Bd2 Rg3+
35. Kf2 Bd6 36. Re3 Ne4+ 37. Rxe4 Rxb3 38. Ke2 Nf6 39. Re3 Rb2 40. Bc1 Ra2 41.
Kd3 a5 42. Kc4 a4 43. Rf2 Kh7 44. Ree2 Ra1 45. Rxc2 Rb1 46. Bb2 a3 47. Bxf6 gxf6
48. Ra2 Kg7 49. Kd5 Bf8 50. Rf3 Rb5+ 51. Kc4 Rb4+ 52. Kc3 Rb1 53. Kd4 Rb4+ 54.
Kc3 1/2-1/2

[Event "Olimpiade 2024 - Donne"]
[Site "Budapest"]
[Date "12.09.2024"]
[Round "2.11"]
[Board "2"]
[White "Balabayeva, Xeniya"]
[Black "Paasikangas, Johanna"]
[Result "1-0"]
[WhiteTitle "WIM"]
[BlackTitle "FM"]
[WhiteElo "2335"]
[BlackElo "2058"]
[WhiteTeam "Kazakhstan"]
[BlackTeam "Finland"]
[WhiteFideId "13719688"]
[BlackFideId "500879"]
[EventDate "2024.09.11"]

1. e4 e5 2. Nf3 Nc6 3. Bc4 Bc5 4. d3 Nf6 5. O-O d6 6. a4 a5 7. h3 h6 8. c3 Ba7
9. Be3 O-O 10. Bxa7 Rxa7 11. Re1 Qe7 12. Nh2 Be6 13. Nd2 Nd8 14. Qf3 Bxc4 15.
Nxc4 Ne6 16. Ne3 Nf4 17. d4 Kh7 18. Rad1 Ra6 19. h4 Qe6 20. g3 Ng6 21. Nd5 Ne8
22. h5 Ne7 23. dxe5 dxe5 24. Nxe7 Qxe7 25. Qf5+ Kg8 26. Rd7 Qc5 27. Rd5 Qc4 28.
Qxe5 Qxa4 29. Nf3 Rf6 30. Rxa5 Qc2 31. Kg2 Qxb2 32. Rb5 Qc2 33. Rxb7 Re6 34. Qd4
Rc6 35. Re3 Nd6 36. Rb4 Ra6 37. Qd3 Ra2 38. Qxc2 Rxc2 39. e5 Nf5 40. Rd3 Ra8 41.
Rf4 Ne7 42. Rd7 Re8 43. c4 c6 44. Rc7 Rc1 45. Rd4 Kf8 46. e6 fxe6 47. Ne5 Rc2
48. Rdd7 Re2 49. Ng6+ Nxg6 50. hxg6 Re4 51. Rxg7 1-0

[Event "Olimpiade 2024 - Donne"]
[Site "Budapest"]
[Date "12.09.2024"]
[Round "2.11"]
[Board "3"]
[White "Bederdin, Lilja"]
[Black "Nurman, Alua"]
[Result "1-0"]
[BlackTitle "WIM"]
[WhiteElo "2065"]
[BlackElo "2324"]
[WhiteTeam "Finland"]
[BlackTeam "Kazakhstan"]
[WhiteFideId "510360"]
[BlackFideId "13729390"]
[EventDate "2024.09.11"]

1. d4 Nf6 2. c4 g6 3. Nc3 Bg7 4. e4 d6 5. h3 Nbd7 6. Be3 e5 7. d5 Nc5 8. Qc2 a5
9. Nf3 O-O 10. Be2 Qe7 11. Nd2 c6 12. O-O Nfd7 13. Nb3 Nxb3 14. Qxb3 c5 15. Nb5
h6 16. f3 Nf6 17. g4 Nh7 18. Qd3 f5 19. Kg2 Rf7 20. Rh1 Bd7 21. a4 Raf8 22. Raf1
h5 23. Bd2 b6 24. b3 Bc8 25. Nc3 Bf6 26. gxf5 gxf5 27. Rfg1 Kh8 28. Kf1 Bh4 29.
Bd1 fxe4 30. Nxe4 Bf5 31. Bh6 Re8 32. Ke2 Nf6 33. Qe3 Nh7 34. Bc2 Qd7 35. Rh2
Nf6 36. Bg5 Bxe4 37. Bxf6+ Bxf6 38. Qh6+ Bh7 39. Bxh7 Rxh7 40. Qxf6+ Rg7 41.
Rhg2 Re7 42. Qh6+ Kg8 43. Qxh5 Qc7 44. Qh6 Qd7 45. Ke3 Rf7 46. Rxg7+ Rxg7 47.
Rxg7+ Qxg7 48. Qxg7+ Kxg7 49. Ke4 Kf6 50. f4 1-0

[Event "Olimpiade 2024 - Donne"]
[Site "Budapest"]
[Date "12.09.2024"]
[Round "2.12"]
[Board "1"]
[White "Mkrtchian, Lilit"]
[Black "Corrales Jimenez, Zenia"]
[Result "1-0"]
[WhiteTitle "IM"]
[BlackTitle "WIM"]
[WhiteElo "2366"]
[BlackElo "2170"]
[WhiteTeam "Armenia"]
[BlackTeam "Mexico"]
[WhiteFideId "13300601"]
[BlackFideId "3506355"]
[EventDate "2024.09.11"]

1. c4 e6 2. Nc3 d5 3. d4 Nf6 4. cxd5 exd5 5. Bg5 Bb4 6. e3 h6 7. Bh4 g5 8. Bg3
Ne4 9. Ne2 h5 10. f3 Nxg3 11. hxg3 Nc6 12. Qb3 Bxc3+ 13. Nxc3 Qd6 14. O-O-O Ne7
15. e4 Qxg3 16. Nxd5 Nxd5 17. Qxd5 c6 18. Qb3 Be6 19. Qxb7 O-O 20. Rxh5 Qf4+ 21.
Kb1 Kg7 22. Bd3 c5 23. Qe7 Kg6 24. Rdh1 Rfe8 25. e5+ 1-0

[Event "Olimpiade 2024 - Donne"]
[Site "Budapest"]
[Date "12.09.2024"]
[Round "2.12"]
[Board "3"]
[White "Danielian, Elina"]
[Black "Mendez Tovar, Yessica Yissel"]
[Result "1-0"]
[WhiteTitle "GM"]
[BlackTitle "WIM"]
[WhiteElo "2393"]
[BlackElo "2004"]
[WhiteTeam "Armenia"]
[BlackTeam "Mexico"]
[WhiteFideId "13300210"]
[BlackFideId "5113580"]
[EventDate "2024.09.11"]

1. d4 Nf6 2. Nf3 g6 3. c4 c5 4. Nc3 Bg7 5. e4 cxd4 6. Nxd4 Nc6 7. Be3 O-O 8. Be2
d6 9. O-O Bd7 10. Nb3 b6 11. Rc1 h5 12. h3 Qc8 13. Kh2 Qb8 14. f4 Kh7 15. Bf3
Bh6 16. Nd5 Nxd5 17. cxd5 Ne5 18. Be2 Qe8 19. Qd2 Ng4+ 20. hxg4 hxg4 21. f5 1-0

[Event "Olimpiade 2024 - Donne"]
[Site "Budapest"]
[Date "12.09.2024"]
[Round "2.12"]
[Board "4"]
[White "Padilla Garcia, Cecilia Xasive"]
[Black "Sargsyan, Anna M."]
[Result "0-1"]
[BlackTitle "IM"]
[WhiteElo "1954"]
[BlackElo "2364"]
[WhiteTeam "Mexico"]
[BlackTeam "Armenia"]
[WhiteFideId "5108373"]
[BlackFideId "13308130"]
[EventDate "2024.09.11"]

1. e4 c6 2. d4 d5 3. f3 g6 4. c3 Bg7 5. Na3 e5 6. dxe5 Bxe5 7. exd5 Qh4+ 8. Ke2
cxd5 9. Qxd5 Nc6 10. Qe4 Qe7 11. Kf2 Nf6 12. Qe2 O-O 13. Nc4 Re8 14. Nxe5 Nxe5
15. g3 Qc5+ 16. Kg2 Neg4 17. Qc2 Bf5 18. Bd3 Bxd3 19. Qxd3 Qf2+ 20. Kh3 Rad8 21.
Qc4 b5 0-1

[Event "Olimpiade 2024 - Donne"]
[Site "Budapest"]
[Date "12.09.2024"]
[Round "2.13"]
[Board "1"]
[White "Wafa, Shrook"]
[Black "Stefanova, Antoaneta"]
[Result "0-1"]
[WhiteTitle "WGM"]
[BlackTitle "GM"]
[WhiteElo "2137"]
[BlackElo "2416"]
[WhiteTeam "Egypt"]
[BlackTeam "Bulgaria"]
[WhiteFideId "10609970"]
[BlackFideId "2902257"]
[EventDate "2024.09.11"]

1. e4 e5 2. Nf3 Nc6 3. Bc4 Bc5 4. d3 Nf6 5. Nc3 h6 6. O-O O-O 7. h3 d6 8. Na4
Bb6 9. a3 Re8 10. b4 Be6 11. Bxe6 Rxe6 12. c4 Ne7 13. Rb1 c6 14. Re1 Bc7 15. d4
exd4 16. Qxd4 Qe8 17. Nh4 c5 18. Qd1 cxb4 19. axb4 Nxe4 20. Bb2 f5 21. Nxf5 Nxf5
22. Qd5 Ng5 23. f4 Nxh3+ 24. gxh3 Qg6+ 25. Qg2 Qxg2+ 26. Kxg2 Rae8 27. Rxe6 Rxe6
28. Nc3 Ne3+ 29. Kf3 Nxc4 30. Bc1 Bb6 31. Nd5 Re1 32. Nxb6 axb6 33. Kf2 Rh1 34.
Kg2 Rd1 35. Ra1 Kf7 36. Kf3 Ke6 37. Ke2 Rh1 38. Kd3 Kd5 39. Kc2 Rh2+ 40. Kb1
Rxh3 41. Ra7 Kc6 42. b5+ Kc7 43. Kc2 Kb8 44. Ra4 d5 45. f5 Rf3 0-1

[Event "Olimpiade 2024 - Donne"]
[Site "Budapest"]
[Date "12.09.2024"]
[Round "2.13"]
[Board "3"]
[White "Romany, Joy"]
[Black "Krasteva, Beloslava"]
[Result "1/2-1/2"]
[WhiteTitle "WIM"]
[BlackTitle "FM"]
[WhiteElo "2012"]
[BlackElo "2295"]
[WhiteTeam "Egypt"]
[BlackTeam "Bulgaria"]
[WhiteFideId "10656820"]
[BlackFideId "2922029"]
[EventDate "2024.09.11"]

1. d4 Nf6 2. c4 e6 3. g3 Bb4+ 4. Nd2 d5 5. Bg2 O-O 6. Nf3 b6 7. cxd5 exd5 8. O-O
Bb7 9. Ne5 Nbd7 10. Ndf3 Bd6 11. Qa4 Qe8 12. Qc2 Ne4 13. Nxd7 Qxd7 14. Ne5 Qe7
15. Nd3 h5 16. Bf4 h4 17. Rac1 Qf6 18. Ne5 Rfe8 19. f3 Ng5 20. Ng4 Qe7 21. Bxd6
cxd6 22. gxh4 Ne6 23. e3 Qxh4 24. Qf2 Qg5 25. h4 Qe7 26. Qg3 Kh8 27. f4 f5 28.
Nf2 Nf8 29. Rfe1 Nh7 30. Nh3 Nf6 31. Ng5 Ba6 32. Bh3 Bd3 33. Rc3 Be4 34. Rec1
Qf8 35. Rc7 Re7 36. Nxe4 fxe4 37. Qg6 1/2-1/2

[Event "Olimpiade 2024 - Donne"]
[Site "Budapest"]
[Date "12.09.2024"]
[Round "2.14"]
[Board "1"]
[White "Milliet, Sophie"]
[Black "Wagener, Anna"]
[Result "1/2-1/2"]
[WhiteTitle "IM"]
[BlackTitle "WGM"]
[WhiteElo "2348"]
[BlackElo "2251"]
[WhiteTeam "France"]
[BlackTeam "Luxembourg"]
[WhiteFideId "623725"]
[BlackFideId "13900285"]
[EventDate "2024.09.11"]

1. d4 f5 2. Bf4 Nf6 3. e3 d6 4. Nc3 c6 5. Bc4 d5 6. Bd3 e6 7. Nf3 Be7 8. O-O O-O
9. Ne2 Ne4 10. c4 Nd7 11. Ne5 Nxe5 12. Bxe5 Bd7 13. Qc2 Rc8 14. f3 Nf6 15. e4
dxc4 16. Bxc4 b5 17. Bd3 fxe4 18. Bxe4 Nxe4 19. Qxe4 c5 20. Rad1 cxd4 21. Nxd4
Bc5 22. Kh1 Qg5 23. f4 Qg4 24. h3 Qg6 25. Qxg6 hxg6 26. Nb3 Rf7 27. Nxc5 Rxc5
28. Rc1 Rd5 29. h4 b4 30. Rf3 Bb5 31. Rb3 a5 32. a3 bxa3 33. bxa3 Rfd7 34. Rc8+
Kf7 35. Kh2 Ba6 36. Ra8 Bb7 37. Rb8 Ba6 38. Ra8 Bb7 39. Rb8 Ba6 40. Rg3 Bd3 41.
h5 Be4 42. Rh8 Rd8 43. hxg6+ Bxg6 44. Rxd8 Rxd8 45. Rc3 Rd7 46. Rc5 Ra7 47. g4
Be4 48. Kg3 a4 49. Kh4 Bd5 50. Kg5 Bb3 51. Rc8 Rb7 52. Bd6 Rb5+ 53. Bc5 g6 54.
Kh6 e5 55. fxe5 Ke6 56. Bd6 Bd1 57. Kg5 Rb3 58. Rc1 Rd3 59. Rc4 Rg3 60. Rd4 Bc2
61. Rf4 Rg2 62. Kh6 Rh2+ 63. Kg7 g5 64. Rf6+ Kd5 65. Bb8 Rh7+ 66. Kg8 Rb7 67.
Bd6 Bd1 68. Rg6 Bxg4 69. Rxg5 Be6+ 70. Kf8 Rh7 71. Rg1 Bf5 72. Rg7 Rxg7 73. Kxg7
Ke6 74. Kf8 1/2-1/2

[Event "Olimpiade 2024 - Donne"]
[Site "Budapest"]
[Date "12.09.2024"]
[Round "2.14"]
[Board "3"]
[White "Hejazipour, Mitra"]
[Black "Bakalarz, Grazyna"]
[Result "1-0"]
[WhiteTitle "WGM"]
[BlackTitle "WFM"]
[WhiteElo "2327"]
[BlackElo "1928"]
[WhiteTeam "France"]
[BlackTeam "Luxembourg"]
[WhiteFideId "12505951"]
[BlackFideId "4000730"]
[EventDate "2024.09.11"]

1. d4 Nf6 2. c4 e6 3. Nf3 d5 4. e3 Be7 5. Nc3 O-O 6. Bd3 dxc4 7. Bxc4 c5 8. O-O
Nc6 9. Bb5 Nb4 10. a3 cxd4 11. exd4 Nbd5 12. Ne5 Nxc3 13. bxc3 Qc7 14. Qf3 a6
15. Bd3 Bd7 16. c4 Rac8 17. Bf4 Bc6 18. Qh3 Rfe8 19. Rfe1 Qd8 20. Rad1 Ba4 21.
Rd2 g6 22. Bb1 Nh5 23. Bh6 Bg5 24. Bxg5 Qxg5 25. Rb2 b5 26. c5 Rc7 27. Qe3 Qxe3
28. fxe3 Nf6 29. e4 Rd8 30. Rf1 Ne8 31. Nf3 Kg7 32. Ba2 Nf6 33. Re1 h6 34. h3
Nh5 35. Kf2 Nf4 36. Ke3 g5 37. h4 g4 38. Ne5 Ng6 39. Nxg4 f5 40. h5 fxg4 41.
hxg6 e5 42. dxe5 Rxc5 43. Bf7 Rxe5 44. Rc1 Re7 45. Rb4 a5 46. Rd4 Rxd4 47. Kxd4
b4 48. axb4 axb4 49. e5 b3 50. Rc8 Be8 51. Bxe8 b2 52. Bf7 Rd7+ 53. Ke3 1-0

[Event "Olimpiade 2024 - Donne"]
[Site "Budapest"]
[Date "12.09.2024"]
[Round "2.15"]
[Board "1"]
[White "Yao, Lan"]
[Black "De Blecourt, Sandra"]
[Result "1-0"]
[WhiteTitle "WGM"]
[BlackTitle "CM"]
[WhiteElo "2353"]
[BlackElo "2065"]
[WhiteTeam "England"]
[BlackTeam "Denmark"]
[WhiteFideId "8610835"]
[BlackFideId "1004948"]
[EventDate "2024.09.11"]

1. e4 c5 2. Nf3 Nc6 3. d4 cxd4 4. Nxd4 Nf6 5. Nc3 e5 6. Ndb5 d6 7. Nd5 Nxd5 8.
exd5 Nb8 9. a4 Be7 10. Be2 O-O 11. O-O Nd7 12. Bd2 a6 13. Na3 a5 14. Nb5 f5 15.
c3 Nf6 16. b4 Kh8 17. Qb3 Ne4 18. Be1 f4 19. f3 Qb6+ 20. Kh1 Qe3 21. Qd1 Ng3+
22. hxg3 fxg3 23. Qd2 Qf4 24. Qxf4 exf4 25. Bd2 Bd7 26. bxa5 Rxa5 27. Rfb1 Bd8
28. Kg1 Bxb5 29. Rxb5 Rxb5 30. Bxb5 Bb6+ 31. Kf1 g5 32. Re1 g4 33. fxg4 f3 34.
Re8 1-0